Central Library OPAC University of Rajshahi

English pronunciation in use. (Record no. 37784)

MARC details
000 -LEADER
fixed length control field 00967nam a2200265 a 4500
001 - CONTROL NUMBER
control field 37784
003 - CONTROL NUMBER IDENTIFIER
rucl marc code (BD-RjUL)
005 - DATE AND TIME OF LATEST TRANSACTION
control field 20211209052644.0
008 - FIXED-LENGTH DATA ELEMENTS--GENERAL INFORMATION
fixed length control field 030617s2003 enk 000 0 eng d
020 ## - INTERNATIONAL STANDARD BOOK NUMBER
International Standard Book Number 0521001854 (Book)
International Standard Book Number 0521006597 (Audio CDs)
International Standard Book Number 0521006600 (Audio cassettes)
International Standard Book Number 0521006562 (Book and audio cassette pack)
International Standard Book Number 0521006570 (Book and audio CD pack)
035 ## - SYSTEM CONTROL NUMBER
System control number (BD-RjUL)37889
040 ## - CATALOGING SOURCE
Original cataloging agency BDS
Transcribing agency (BD-RjUL)
Modifying agency (BD-RjUL)
Language of cataloging eng
082 0# - DEWEY DECIMAL CLASSIFICATION NUMBER
Classification number 428.34
Edition number 22
Author mark and year HAE 2003
100 1# - MAIN ENTRY--PERSONAL NAME
Personal name Hancock, Mark.
9 (RLIN) 117014
245 10 - TITLE STATEMENT
Title English pronunciation in use.
Statement of responsibility, etc. Mark Hancock.
Remainder of title Intermediate/
260 ## - PUBLICATION, DISTRIBUTION, ETC. (IMPRINT)
Place of publication, distribution, etc. Cambridge :
Name of publisher, distributor, etc. Cambridge University Press,
Date of publication, distribution, etc. 2003.
300 ## - PHYSICAL DESCRIPTION
Pagination 200 p. :
Illustrations ill. ;
Size 25 cm. +
Accompanying material 4 sound discs (digital ; 4 3/4 in.) + 4 sound cassettes (128 mins)
650 #0 - SUBJECT ADDED ENTRY--TOPICAL TERM
Topical term or geographic name as entry element English language
Form subdivision Textbooks for foreign speakers.
9 (RLIN) 117011
Topical term or geographic name as entry element English language
General subdivision Pronunciation.
9 (RLIN) 117012
942 ## - ADDED ENTRY ELEMENTS (KOHA)
Source of classification or shelving scheme Dewey Decimal Classification
Koha item type Audio Visual (AV) Materials
Holdings
Lost status Source of classification or shelving scheme Damaged status Not for loan Collection code Permanent Location Current Location Shelving location Date acquired Source of acquisition Cost, normal purchase price Total Checkouts Full call number Date last seen Copy number Koha item type
  Dewey Decimal Classification   Not For Loan Non-fiction Central Library, University of Rajshahi Central Library, University of Rajshahi Audio Visual Section 20/12/2012 Karim International 711.00   AV 428.34 HAE 2003 02/07/2015 C.1 Audio Visual (AV) Materials